| 000 | 00467nam a2200169Ia 4500 | ||
|---|---|---|---|
| 003 | GCL | ||
| 008 | 140319s9999 xx 000 0 eng d | ||
| 040 |
_aGCL / _cGCL |
||
| 082 | 0 | 4 |
_a004.65 _bH N |
| 100 | 1 | _aHARBAUGH, LOGAN G. | |
| 245 | 1 | 0 |
_aNOVELLS PROBLEM - SOLVING GUIDE FOR NET WARE SYSTEMS / _cHARBAUGH, LOGAN G. |
| 260 |
_a[S.N] : _bSYBEX ، _c1993 |
||
| 300 | _a459 P P | ||
| 650 | 0 | 4 | _aCOMPUTER SOFTWARE |
| 650 | 0 | 4 | _aCOMPUTER - NETWORKS |
| 942 |
_2ddc _cBK |
||
| 999 |
_c16830 _d16830 |
||